Coupe du Monde 2026 - Les joueurs sélectionnés - Statistiques

Statistiques générales
  • Ce quiz a été pris 102 fois
  • Le résultat moyen est 34 sur 48
Statistiques - réponses
Pays Joueurs sélectionnés % Correct
Allemagne Baumann | Neuer | Nübel | Anton | Brown | Kimmich | Raum | Rüdiger | Schlotterbeck | Tah | Thiaw | Amiri | Goretzka | Gross | Karl | Nmecha | Pavlovic | Stiller | Beier | Havertz | Leweling | Musiala | Sané | Undav | Wirtz | Woltemade
99%
Angleterre Pickford | Henderson | Trafford | Guéhi | Konsa | James | O'Reilly | Livramento | Stones | Burn | Spence | Quansah | Rice | Anderson | Bellingham | Rogers | Mainoo | Henderson | Eze | Kane | Saka | Madueke | Gordon| Watkins | Toney | Rashford
99%
Portugal Costa | Silva | Sa | Velho | Nunes | Semedo | Araujo | Dias | Mendes | Cancelo | Dalot | Inacio | Veiga | Neves | Samu | Joao | Vitinha | Fernandes | Silva | Neto | Trincao | Ronaldo | Felix | Leao | Conceiçao | Ramos | Guedes
98%
France Maignan | Risser | Samba | Digne | Gusto | Hernandez | Hernandez | Konaté | Koundé | Lacroix | Saliba | Upamecano | Kanté | Koné | Rabiot | Tchouaméni | Zaïre-Emery | Akliouche | Barcola | Cherki | Dembélé | Doué | Mateta | Mbappé | Olise | Thuram
98%
Argentine Musso | Rulli | Martinez | Balerdi | Tagliafico | Montiel | Martinez | Romero | Otamendi | Medina | Molina | Mac Allister | De Paul | Fernández | Paredes | Palacios | Lo Celso | Barco | Messi | Álvarez | Martínez | Almada | Paz | González | Simeone | López
96%
Brésil Alisson | Ederson | Weverton | Sandro | Bremer | Danilo | Santos | Gabriel | Marquinhos | Pereira | Ibanez | França | Casemiro | Guimaraes | Fabinho | Danilo | Paqueta | Vinicius Junior | Neymar | Endrick | Raphinha | Cunha | Henrique | Martinelli | Thiago | Rayan
95%
Belgique Courtois | Lammens | Penders | De Winter | Castagne | Meunier | Debast | Theate | Mechele | Ngoy | De Cuyper | Seys | De Bruyne | Onana | Vanaken | Tielemans | Raskin | Witsel | Lukaku | Fernandez-Pardo | Lukebakio | De Ketelaere | Doku | Trossard | Saelemaekers | Moreira
95%
Espagne Simon | Raya | Garcia | Llorente | Porro | Cubarsi | Laporte | Pubill | Garcia | Cucurella | Grimaldo | Rodri | Zubimendi | Ruiz | Merino | Gavi | Pedri | Baena | Yamal | Munoz | Oyarzabal | Torres | Iglesias | Williams | Olmo | Pino
95%
Norvège Nyland | Selvik | Tangvik | Kristoffer Ajer | Heggem | Östigard | Ryerson | Pedersen | Wolfe | Björkan | Langas | Falchener | Ödegaard | Berge | Aursnes | Berg | Thorstvedt | Nusa | Bobb | Schjelderup | Hauge | Aasgaard | Thorsby | Haaland | Sörloth | Larsen
94%
Maroc Bounou | El Kajoui | Tagnaouti | Aguerd | Belammari | Diop | El Ouahdi | Hakimi | Halhal | Mazraoui | Riad | Eddine | Amrabat | Bouaddi | El Aynaoui | El Khannouss | El Mourabet | Ounahi | Saibari | Amaimouni | Diaz | El Kaabi | Ezzalzouli | Rahimi | Talbi | Yassine
92%
Égypte El-Shenawy | Shobeir | Soliman | Alaa | Hany | Alaa | Fathi | Rabia | Ibrahim | Abdelmaguid | Abdelmonem | Fatouh | Hafez | Attia | Lasheen | Dunga | Saber | Zizo | Trezeguet | Ashour Ziko | Adel | Hassan | Salah | Marmoush | Abdelkarim
92%
Pays-Bas Flekken | Roefs | Verbruggen | Aké | van Dijk | Dumfries | Hato | van Hecke | Timber | van de Ven | Wieffer | Gravenberch | de Jong | Koopmeiners | Reijnders | de Roon | Til | Timber | Brobbey | Depay | Gakpo | Kluivert | Lang | Malen | Summerville | Weghorst
92%
Croatie Livakovic | Kotarski | Pandur | Gvardiol | Caleta-Car | Sutalo | Stanisic | Pongracic | Erlic | Vuskovic | Modric | Kovacic | Pasalic | Vlasic | Sucic | Baturina | Jakic | Sucic | Moro | Fruk | Perisic | Kramaric | Budimir | Pasalic | Musa | Matanovic
92%
Canada Crépeau | St. Clair | Goodman | Eustaquio | Koné | Buchanan | Choinière | Ahmed | Saliba | Millar | Flores | Shaffelburg | Osorio | Cornelius | Laryea | Sigur | Waterman | de Fougerolles | Bombito | Johnston | Davies | Jones | David | David | Larin | Oluwaseyi
89%
Sénégal Mendy | Diaw | Diouf | Koulibaly | Niakhaté | Diatta | Mendy | Mbow | Seck | Sarr | Jakobs | Diouf | Camara | Gueye | Gueye | Camara | Diarra | Ciss | Sarr | Ndiaye | Ndiaye | Sarr | Mané | Jackson | Mbaye | Dieng | Diao | Ndiaye
88%
Bosnie-Herzégovine Vasilj | Zlomislic | Hadzikic | Kolasinac | Dedic | Mujakic | Katic | Muhamerovic | Radeljic | Hadzikadunic | Celik | Hadziahmetovic | Sunjic | Basic | Burnic | Mahmic | Tahirovic | Memic | Gigovic | Alajbegovic | Bajraktarevic | Demirovic | Lukic | Bazdar | Tabakovic | Dzeko
87%
Colombie Montero | Ospina | Vargas | Arias | Ditta | Lucumi | Machado | Mina | Mojica | Munoz | Sanchez | Arias | Campaz | Carrascal | Castano | Lerma | Portilla | Puerta | Quintero | Rios | Rodriguez | Cordoba | Diaz | Gomez | Hernandez | Suarez
86%
États-Unis Brady | Freese | Turner | Arfsten | Dest | Freeman | McKenzie | Ream | Richards | Robinson | Robinson | Scally | Trusty | Adams | Berhalter | McKennie | Reyna | Roldan | Tillman | Aaronson | Balogun | Pepi | Pulisic | Weah | Wright | Zendejas
85%
Équateur Galindez | Ramirez | Valle | Estupinan | Hincapié | Pacho | Ordonez | Torres | Porozo| Preciado | Caicedo | Franco | Minda | Vite | Arévalo | Paez | Alcivar | Angulo | Valencia | Yeboah | Castillo | Plata | Valencia | Rodriguez | Caicedo | Medina
85%
Écosse Hanley | Hendry | Hickey | Hyam | Mckenna | Patterson | Ralston | Robertson | Souttar | Tierney | Gordon | Gunn | Kelly | Christie | Curtis | Ferguson | Doak | Gilmour | McGinn | McLean | McTominay | Adams | Dykes | Hirst | Shankland | Stewart
85%
Autriche Schlager | Wiegele | Pentz | Affenbruger | Danso | Posch | Alaba | Lienhart | Mwene | Friedl | Svoboda | Schlager | Seiwald | Sabitzer | Grillitsch | Chukwuemeka | Schmid | Baumgartner | Laimer | Wiemmer | Wanner | Schöpf | Arnautovic | Gregoritsch | Kalajdzic | Prass
85%
Suède Johansson | Nordfeldt | Zetterström | Ekdal | Gudmundsson | Hien | Holm | Lagerbielke | Lindelöf | Smith | Starfelt | Svensson | Ayari | Bergvall | Stroud | Karlström | Zeneli | Sema | Svanberg | Ali | Bernhardsson | Elanga | Gyökeres | Isak | Nilsson | Nygren
84%
Suisse Kobel | Keller | Mvogo | Akanji | Amenda | Cömert | Elvedi | Jaquez | Muheim | Rodriguez | Widmer | Aebischer | Fassnacht | Freuler | Jashari | Manzambi | Rieder | Sow | Xhaka | Sakaria | Amouni | Embolo | Itten | Ndoye | Okafor | Vargas
84%
Uruguay Muslera | Rochet | Mele | Araujo | Bueno | Caceres | Gimenez | Olivera | Piquerez | Sanabria | Varela | Vina | Bentancur | De Arrascaeta | De La Cruz | Martinez | Ugarte | Valverde | Zalazar | Aguirre | Canobbio | Araujo | Nunez | Pellistri | Rodriguez | Vinas
84%
Algérie Benbot | Mastil | Ramdane | Zidane | Abada | Aït-Nouri | Belaïd | Belghali | Bensebaini | Chergui | Hadjam | Mandi | Tougai | Aouar | Bentaleb | Boudaoui | Chaïbi | Maza | Titraoui | Zerrouki | Amoura | Benbouali | Boulbina | Ghedjemis | Gouiri | Moussa | Mahrez
82%
Côte d'Ivoire Fofana | Lafont | Koné | Agbadou | Apka | Diomandé | Doué | Konan | Kossonou | Ndicka | Singo | Fofana | Guiagon | Oulai | Kessié | Sangaré | Séri | Adingra | Bonny | Diallo | Diakité | Diomandé | Guessand | Pépé | Touré | Wahi
80%
Mexique Rangel | Ochoa | Acevedo l Reyes | Sanchez | Montes | Vasquez | Gallardo | Chavez | Alvarez | Romo | Vargas | Gutiérrez | Pineda | Lira | Mora | Huerta | Fidalgo | Chavez | Alvarado | Vega | Quinones | Giménez | Martinez | Gonzalez | Jiménez
80%
Turquie Bayindir | Günok | Cakir | Bardakci | Söyüncü | Elmali | Kadioglu | Demiral | Müldür | Kabak | Akaydin | Çelik | Çalhanoglu | Yüksek | Ayhan | Kökçü | Özcan | Güler | Yilmaz | Uzun | Gül | Kahveci | Yildiz | Aktürkoglu | Aydin | Akgün
75%
Ghana Asare | Ati-Zigi | Anang | Rahman | Luckassen | Mensah | Senaya | Seidu | Mumin | Opoku | Adjetey | Oppong | Partey | Sulemana | Sibo | Boakye | Yirenkyi | Fatawu | Owusu | Bonsu Baah | Nuamah | Semenyo | Thomas-Asante | Adu | Williams | Ayew
72%
République Démocratique du Congo Epolo | Fayulu | Mpasi | Batubinsika | Bushiri | Kalulu | Masuaku | Mbemba | Kapuadi | Kayembe | Tuanzebe | Wan-Bissaka | Bongonda | Elia | Kakuta | Kayembe | Mukau | Mbuku | Moutousamy | Pickel | Sadiki | Banza | Bakambu | Cipenga | Mayele | Wissa
69%
Japon Suzuki | Osako | Hayakawa | Sugawara | Tomiyasu | Itakura | Ito | Watanabe | Taniguchi | Seko | Nagatomo | Suzuki | Endo | Sano | Tanaka | Kamada | Doan | Ito | Kubo | Nakamura | Ueda | Ogawa | Shiogai | Suzuki | Goto | Maeda
68%
République Tchèque Hornicek | Kovar | Stanek | Chaloupek | Coufal | Doudera | Holes | Hranac | Jurasek | Krejci | Zeleny | Zima | Cerv | Darida | Provod | Sadilek | Sochurek | Sojka | Soucek | Sulc | Visinsky | Chory | Chytil | Hlozek | Kuchta | Schick
66%
Corée du Sud Kim Seung-gyu | Song Bum-keun | Jo Hyeon-woo | Kim Moon-hwan | Kim Min-jae | Kim Tae-hyeon | Park Jin-seop | Seol Young-woo | Jens Castrop | Lee Ki-hyuk | Lee Tae-seok | Lee Han-beom | Cho Yu-min | Kim Jin-gyu | Bae Jun-ho | Paik Seung-ho | Yang Hyun-jun | Eom Ji-sung | Lee Kang-in | Lee Dong-gyeong | Lee Jae-sung | Hwang In-beom | Hwang Hee-chan | Son Heung-min | Oh Hyeon-gyu | Cho Gue-sung
62%
Ouzbékistan Ergashev | Nematov | Yousoupov | Abdoullaev | Alijonov | Ashourmatov | Echmourodov | Karimov | Khusanov | Nasrullaev | Sayfiev | Oulmasaliyev | Ourozov | Esanov | Fayzoullaev | Ganiev | Iskanderov | Khamdamov | Masharipov | Mozgovoy | Shoukourov | Ourounov | Xamrobekov | Amonov | Chomouroudov | Sergeev
53%
Iran Beiranvand | Hosseini | Niazmand | Eiri | Hajsafi | Hardani | Kanaani | Khalilzadeh | Mohammadi | Nemati | Rezaeian | Yousefi | Cheshmi | Ezatolahi | Ghaedi | Ghoddos | Ghorbani | Jahanbakhsh | Mohebi | Mohammad | Torabi | Alipour | Eckert | Hosseinzadeh | Moghanlou | Taremi
48%
Tunisie Chamakh | Dahmen | Hassen | Valéry | Neffati | Bronn | Arous | Rekik | Chikhaoui | Talbi | Abdi | Ben Hamida | Skhiri | Hadj-Mahmoud | Khedira | Ben Slimane | Mejbri | Gharbi | Ben Ouanes | Achouri | Ayari | Chaouat | Mastouri | Saad | Elloumi | Tounekti
48%
Haïti Duverger | Pierre | Placide | Adé | Arcus | Delcroix | Duverne | Expérience | Lacroix | Paugain | Thermoncy | Bellegarde | Jean-Jacques | Pierre | Pierre | Sainté | Simon | Casimir | Etienne | Fortune | Isidor | Joseph | Louicius | Nazon | Pierrot | Providence
46%
Nouvelle-Zélande Crocombe | Paulsen | Wood | Bindon | Boxall | Cacace | De Vries | Elliot | Payne | Pijnaker | Smith | Surman | Bayliss | Bell | Rufer | Stamenic | Thomas | Barbarouses | Matthew | Just | Callum | Ben Old | Randall | Singh | Waine | Wood
45%
Paraguay Fernandez | Gill | Oliveira | Alderte | Alonso | Balbuena | Caceres | Canale | Gomez | Maidana | Velazquez | Bobadilla | Cubas | Galarza | Gomez | Maghalhaes | Ojeda | Romero | Almiron | Arce | Avalos | Caballero | Enciso | Pitta | Sanabria | Sosa
45%
Arabie Saoudite Al Owais | Al Aqidi | Al Kassar | Al Amri | Tambakti | Thikri | Lajami | Kadesh | Abdulhamid | Al Shamat | Majrashi | Al Harbi | Boushal | Al-Ghannam | Kanno | Al Khaibari | Al Johani | Al Dawsari | Al Juwayr | Al Hajji | Al Dawsari | Al Ghannam | Yahya | Al Buraikan | Al Shehri | Al Hamdan
42%
Jordanie Layla | Al-Fakhouri | Attia | Al-Nadi | Dahab | Hashish | Taha | Al-Arab | Al-Rousan | Badawi | Nasib | Haddad | Obaid | Taha | Al-Daoud | Al-Rashdan | Al-Rawabdeh | Ayed | Jamous | Saadeh | Zraiq | Al-Tamari | Azayzeh | Al-Fakhouri | Olwan | Sabra
42%
Panama Mosquera | Mejia | Samudio | Andrade | Blackman | Cordoba | Davis | Escobar | Farina | Gutierrez | Murillo | Ramos | Miller | Barcenas | Carrasquilla | Godoy | Harvey | Londono | Martinez | Quintero | Rodriguez | Yanis | Diaz | Fajardo | Rodriguez | Waterman
35%
Australie Beach | Izzo | Ryan | Behich | Bos | Burgess | Circati | Degenek | Geria | Herrington | Italiano | Souttar | Trewin | Devlin | Hrustic | Irvine | Metcalfe | Okon-Engstler | O'Neill | Irankunda | Leckie | Mabil | Touré | Velupillay | Volpato | Yengi
34%
Cap-Vert Dos Santos | Rosa | Vozinha | Borges | Cabral | Costa | Lopes | Moreira | Paulo | Pina | Pires | Stopira | Arcanjo | Duarte | Duarte | Monteiro | Pina | Semedo | Benchimol | Cabral | Da Costa | Livramento | Mendes | Rodrigues | Semedo | Varela
34%
Qatar Abunada | Barsham | Zakaria | Al-Alawi | Khoukhi | Al-Amin | Mendes | Laye | Miguel | Al-Hussain | Al-Brake | Madibo | Hatem | Fathy | Boudiaf | Gaber | Al-Mannai | Al-Ganehi | Alaaeldin | Afif | Ali | Junior | Al-Haydos | Muntari | Mohammed | Abdurisag
31%
Afrique du Sud Williams | Goss | Chaine | Mudau | Matuludi | Ndamane | Sibisi | Okon | Modiba | Kabini | Cross | Makhanya | Sebelebele | Mbokazi | Mokoena | Sithole | Mbatha | Adams | Foster | Zwane | Appollis | Rayners | Mofokeng | Makgopa | Moremi | Maseko
31%
Curaçao Room | Doornbusch | Bodak | Bazoer | Brenet | van Eijma | Floranus | Fonville | Gaari | Obispo | Sambo | Bacuna | Bacuna | Comenencia | Felida | Martha | Noslin | Roemeratoe | Antonise | Chong | Gorré | Hansen | Kastaneer | Kuwas | Locadia | Margaritha
28%
Irak Basil | Hassan | Talib | Ali | Doski | Hashem | Sulaka | Tahseen | Yahya | Younis | Amyn | Al Ammari | Bayesh | Farji | Iqbal | Ismail | Jassim | Putros | Qasim | Saadoon | Sher | Yakob | Ali | Al Hamadi | Hussein | Yousef
13%
Aucun quiz correspondant
Distribution des résultats
% des personnes avec chaque résultat
Percentile par nombre de réponses
Votre historique - résultats
Vous n’avez pas pris ce quiz